The rabbit / (Record no. 8201)

MARC details
000 -LEADER
fixed length control field 00667nam a22002297a 4500
001 - CONTROL NUMBER
control field 8201
003 - CONTROL NUMBER IDENTIFIER
control field FISKH
005 - DATE AND TIME OF LATEST TRANSACTION
control field 20250902103502.0
008 - FIXED-LENGTH DATA ELEMENTS--GENERAL INFORMATION
fixed length control field 250902b cb ||||| |||| 00| 0 eng d
040 ## - CATALOGING SOURCE
Original cataloging agency FISKH
Language of cataloging eng
Transcribing agency FISKH
Modifying agency FISKH
050 ## - LIBRARY OF CONGRESS CALL NUMBER
Classification number PE1119
082 ## - DEWEY DECIMAL CLASSIFICATION NUMBER
Classification number 428.6
100 ## - MAIN ENTRY--PERSONAL NAME
Personal name Burningham, John
245 ## - TITLE STATEMENT
Title The rabbit /
Statement of responsibility, etc. John Burningham
260 ## - PUBLICATION, DISTRIBUTION, ETC.
Place of publication, distribution, etc. New York :
Name of publisher, distributor, etc. Thomas Y. Crowell,
Date of publication, distribution, etc. 1974.
300 ## - PHYSICAL DESCRIPTION
Extent 20 unnumbered pages :
Other physical details color illustrations ;
Dimensions 17 cm
505 ## - FORMATTED CONTENTS NOTE
Formatted contents note NP<br/>
520 ## - SUMMARY, ETC.
Summary, etc. A little boy describes the activities of his pet rabbit.
650 ## - SUBJECT ADDED ENTRY--TOPICAL TERM
Topical term or geographic name entry element Children's book
Form subdivision 20th century
General subdivision picture book
942 ## - ADDED ENTRY ELEMENTS (KOHA)
Source of classification or shelving scheme Dewey Decimal Classification
Koha item type Books
Suppress in OPAC No
Holdings
Withdrawn status Lost status Source of classification or shelving scheme Damaged status Not for loan Collection Home library Current library Shelving location Date acquired Total Checkouts Full call number Barcode Date last seen Copy number Price effective from Koha item type
    Dewey Decimal Classification     Juvenile Fiction Footprints International School Library Network Toul Kork Campus Footprints International School Library Network Toul Kork Campus TK Primary Library Room(4th Floor), Bookcase 7, Shelves 57-60, Dark Green Books 09/02/2025   BUR 428.6 PE1119 FISBK057054 09/02/2025 1 09/02/2025 Books